World Capitals Closest to Moroni - Statistics

General Stats
  • This quiz has been taken 226 times
  • The average score is 16 of 20
Answer Stats
km capital miles % Correct
1362 Nairobi 846
92%
1549 Mogadishu 963
89%
919 Antananarivo 571
88%
969 Victoria 602
86%
1787 Kampala 1110
85%
1811 Kigali 1125
84%
2219 Pretoria 1379
84%
1029 Dodoma 640
83%
1481 Harare 920
83%
1664 Lusaka 1034
83%
1934 Maputo 1202
83%
2357 Addis Ababa 1464
79%
1790 Port Louis 1112
78%
1059 Lilongwe 658
75%
2063 Mbabane 1282
73%
2593 Djibouti 1611
72%
2323 Gaborone 1444
72%
1735 Gitega 1078
72%
2252 Juba 1399
69%
2553 Maseru 1586
68%
No matching quizzes found
Score Distribution
Percent of People with Each Score
Percentile by Number Answered
Your Score History
You have not taken this quiz